<?xml version="1.0" encoding="UTF-8"?>
<record
    xmlns:xsi="http://www.w3.org/2001/XMLSchema-instance"
    xsi:schemaLocation="http://www.loc.gov/MARC21/slim http://www.loc.gov/standards/marcxml/schema/MARC21slim.xsd"
    xmlns="http://www.loc.gov/MARC21/slim">

  <leader>01870nam a2200349   4500</leader>
  <controlfield tag="001">266</controlfield>
  <controlfield tag="003">OSt</controlfield>
  <controlfield tag="005">20250528074016.0</controlfield>
  <controlfield tag="008">250312b        |||||||j |||| 00| 1 eng d</controlfield>
  <datafield tag="020" ind1=" " ind2=" ">
    <subfield code="a">9788539505166</subfield>
  </datafield>
  <datafield tag="040" ind1=" " ind2=" ">
    <subfield code="b">Por</subfield>
  </datafield>
  <datafield tag="041" ind1=" " ind2=" ">
    <subfield code="h">eng</subfield>
    <subfield code="a">por</subfield>
  </datafield>
  <datafield tag="082" ind1=" " ind2=" ">
    <subfield code="a">028.5</subfield>
    <subfield code="b">S879c</subfield>
  </datafield>
  <datafield tag="100" ind1=" " ind2=" ">
    <subfield code="a">Stone, Rex</subfield>
    <subfield code="9">494</subfield>
  </datafield>
  <datafield tag="240" ind1=" " ind2=" ">
    <subfield code="a">Dinosaur Cove: Attack of the Lizard King</subfield>
  </datafield>
  <datafield tag="245" ind1=" " ind2=" ">
    <subfield code="a">A Caverna dos Dinossauros </subfield>
    <subfield code="b">O ataque do lagarto rei /</subfield>
    <subfield code="c">Stone, Rex ;  tradu&#xE7;&#xE3;o de Barbara Sampaio Vieira Duarte e ilustra&#xE7;&#xE3;o de Mike Spoor</subfield>
  </datafield>
  <datafield tag="260" ind1=" " ind2=" ">
    <subfield code="a">S&#xE3;o Paulo</subfield>
    <subfield code="b">Fundamento</subfield>
    <subfield code="c">2014</subfield>
  </datafield>
  <datafield tag="300" ind1=" " ind2=" ">
    <subfield code="a">59 p.</subfield>
    <subfield code="b">il. </subfield>
  </datafield>
  <datafield tag="490" ind1="1" ind2=" ">
    <subfield code="a">A Caverna dos Dinossauros </subfield>
    <subfield code="v">Livro 1</subfield>
  </datafield>
  <datafield tag="520" ind1=" " ind2=" ">
    <subfield code="a">Jamie e seu pai acabam de se mudar para a Enseada do Dinossauro. O lugar tem esse nome por causa dos in&#xFA;meros f&#xF3;sseis que s&#xE3;o encontrados l&#xE1;. E o que pode ser mais legal que f&#xF3;sseis de dinossauro? Dinossauros de verdade, oras! Quando Jamie e seu amigo, Tom, exploram a famosa Caverna dos Dinossauros, eles fazem uma descoberta sensacional e totalmente inesperada! Uma passagem secreta os leva a um mundo que parece ter parado no tempo, pois &#xE9; habitado por v&#xE1;rias esp&#xE9;cies de dinossauros. Inclusive o maior e mais perigoso dos carn&#xED;voros: o Tyrannosaurus rex! Agora, Jamie e Tom precisam fugir do assustador tiranossauro e encontrar o caminho de volta para casa antes que virem comida do monstro ou que a mar&#xE9; suba e inunde a caverna. Ser&#xE1; que eles conseguem? Venha conferir!

</subfield>
  </datafield>
  <datafield tag="650" ind1=" " ind2="0">
    <subfield code="a">Literatura Americana</subfield>
    <subfield code="9">84</subfield>
  </datafield>
  <datafield tag="650" ind1=" " ind2="0">
    <subfield code="a">Infantojuvenil</subfield>
    <subfield code="9">200</subfield>
  </datafield>
  <datafield tag="650" ind1=" " ind2="0">
    <subfield code="a">Dinossauros </subfield>
    <subfield code="9">495</subfield>
  </datafield>
  <datafield tag="650" ind1=" " ind2="0">
    <subfield code="a">Aventura</subfield>
    <subfield code="9">47</subfield>
  </datafield>
  <datafield tag="650" ind1=" " ind2="0">
    <subfield code="a">Grandes Amizades</subfield>
    <subfield code="9">28</subfield>
  </datafield>
  <datafield tag="655" ind1=" " ind2="0">
    <subfield code="a">Romance</subfield>
    <subfield code="9">23</subfield>
  </datafield>
  <datafield tag="655" ind1=" " ind2="0">
    <subfield code="a">Fic&#xE7;&#xE3;o </subfield>
    <subfield code="9">22</subfield>
  </datafield>
  <datafield tag="700" ind1=" " ind2=" ">
    <subfield code="a">Barbara Sampaio Vieira Duarte</subfield>
    <subfield code="e">TRADUTORA</subfield>
    <subfield code="9">496</subfield>
  </datafield>
  <datafield tag="700" ind1=" " ind2=" ">
    <subfield code="a">Mike Spoor</subfield>
    <subfield code="e">Ilustrador</subfield>
    <subfield code="9">497</subfield>
  </datafield>
  <datafield tag="830" ind1=" " ind2=" ">
    <subfield code="a">A Caverna dos Dinossauros </subfield>
    <subfield code="v">Livro 1</subfield>
    <subfield code="9">498</subfield>
  </datafield>
  <datafield tag="942" ind1=" " ind2=" ">
    <subfield code="2">ddc</subfield>
    <subfield code="n">0</subfield>
    <subfield code="c">BK</subfield>
  </datafield>
  <datafield tag="952" ind1=" " ind2=" ">
    <subfield code="0">0</subfield>
    <subfield code="1">0</subfield>
    <subfield code="2">ddc</subfield>
    <subfield code="3">vol. 01</subfield>
    <subfield code="4">0</subfield>
    <subfield code="7">0</subfield>
    <subfield code="8">FIC</subfield>
    <subfield code="a">BIBIB</subfield>
    <subfield code="b">BIBIB</subfield>
    <subfield code="c">IJ</subfield>
    <subfield code="d">2025-03-12</subfield>
    <subfield code="e">doa&#xE7;&#xE3;o</subfield>
    <subfield code="l">0</subfield>
    <subfield code="o">IJ 028.5 / S879c</subfield>
    <subfield code="p">2025-17221</subfield>
    <subfield code="r">2025-03-12 16:29:27</subfield>
    <subfield code="w">2025-03-12</subfield>
    <subfield code="y">BK</subfield>
  </datafield>
  <datafield tag="999" ind1=" " ind2=" ">
    <subfield code="c">266</subfield>
    <subfield code="d">266</subfield>
  </datafield>
</record>
